000
00247nam a22001097a 4500
020
_a
0 905713 02 8
082
_a
REF 650 SAM
245
_a
Samson Management Lexicon
260
_a
UK
_b
Samson Publications
_c
1977
300
_a
250p
_b
23cm
942
_c
BK
999
_c
14069
_d
14069